Museo Lázaro Galdiano /

José Lázaro Galdiano fue un destacado coleccionista de arte y bibliófilo, que al morir dejó todas sus pertenencias al Estado español. Con ellas fue abierto en 1951 el museo que lleva su nombre y que se encuentra en la propia casa del coleccionista. El texto inicia con una reflexión general sobre Láz...

Celý popis

Uloženo v:
Podrobná bibliografie
Hlavní autor: Camón Aznar, José (autor)
Médium: Kniha
Jazyk:španělština
Vydáno: Madrid, España : Aguilar, 1965, c1965
Vydání:2a edición
Edice:(Librofilm)
Témata:
Tagy: Přidat tag
Žádné tagy, Buďte první, kdo vytvoří štítek k tomuto záznamu!

MARC

LEADER 00000nam^a2200000^a^4500
001 000146386
005 20250526000000.0
009 20260310095908.197
037 |a Acervo ITESO - Biblioteca 
041 |a ESP 
082 |a 708. 9  |b LIB V. 14 
100 |a Camón Aznar, José  |e (autor) 
245 1 0 |a Museo Lázaro Galdiano /  |c J. Camón Aznar. 
250 |a 2a edición 
264 4 |a Madrid, España :  |b Aguilar,  |c 1965, c1965 
300 |a 1 librofilm ;  |c 29.0 cm. 
300 |a 328 p. +  |e 100 diapositivas :  |b color 
336 |a texto  |b txt  |2 rdacontenido 
337 |a sin mediación  |b n  |2 rdamedio 
338 |a volumen  |b nc  |2 rdasoporte 
440 1 |a (Librofilm) 
520 |a José Lázaro Galdiano fue un destacado coleccionista de arte y bibliófilo, que al morir dejó todas sus pertenencias al Estado español. Con ellas fue abierto en 1951 el museo que lleva su nombre y que se encuentra en la propia casa del coleccionista. El texto inicia con una reflexión general sobre Lázaro Galdiano y las características de su colección, para ir presentando luego los objetos de cada una de las manifestaciones artísticas incluidas (escultura, joyería, muebles, etc.) 
649 |a XX 
650 |a Museos y Galerías -  |z Madrid, España -  |x Colecciones 
650 |a Museos y Galerías -  |z España -  |x Colecciones 
650 |a Coleccionismo -  |z España 
650 |a Joyería 
650 |a Orfebrería 
650 |a Armas y Armaduras 
650 |a Muebles 
650 |a Accesorios Personales 
650 |a Arte -  |z España -  |x Colecciones 
650 |a Arte -  |x Colecciones 
650 |a Arte -  |x Historia y Crítica 
650 |a Lázaro Galdiano, José 
910 |a Fondo General 
920 |a Impresos - Mixtos 
930 |a Libros Antiguos y Raros 
905 |a 108 
901 |a 0500076175  |b IT2  |c LRA  |u 20250526 
902 |a https://opac.biblio.iteso.mx/vufind/Record/000146386